[Event "III Miedzynarodowy Memorial Ireny Warakomskiej - Open B"]
[Site "Suwalki"]
[Date "2019.08.05"]
[Round "9.7"]
[White "Goraj, Barbara"]
[Black "Pytel, Maciej"]
[Result "1-0"]
[WhiteElo "1800"]
[BlackElo "1977"]
[PlyCount "149"]
[EventDate "2019.??.??"]

1. e4 c5 2. Nf3 e6 3. d4 cxd4 4. Nxd4 a6 5. Bd3 Bc5 6. Nb3 Ba7 7. O-O Nc6 8.
Qe2 d6 9. Be3 e5 10. Nc3 Nge7 11. Bxa7 Rxa7 12. Rad1 Ng6 13. Nd5 O-O 14. Qe3
Ra8 15. Nb6 Rb8 16. Bc4 Nf4 17. Rd2 Bg4 18. f3 Bh5 19. Kh1 Kh8 20. Rfd1 f5 21.
exf5 Nd4 22. Nxd4 Qxb6 23. Qb3 Qxb3 24. Nxb3 b5 25. Bf1 Rbc8 26. c3 d5 27. Re1
Rfe8 28. Kg1 Bf7 29. g3 Nh5 30. Rde2 e4 31. fxe4 dxe4 32. Rxe4 Rxe4 33. Rxe4
Rc7 34. Rd4 g6 35. fxg6 hxg6 36. Rd6 Re7 37. Kf2 Kg7 38. Bg2 Nf6 39. Bf3 a5 40.
Nxa5 Ra7 41. Nc6 Rxa2 42. Rd2 Ra6 43. Nb4 Ra1 44. Kg2 Rb1 45. h3 Bc4 46. Nc6
Kh7 47. Ne5 Bf1+ 48. Kh2 Re1 49. Nd7 Ne8 50. Rd1 Rxd1 51. Bxd1 Nd6 52. Ne5 Kg7
53. Bc2 Kf6 54. Nxg6 Nc4 55. b3 Ne3 56. Be4 Nd1 57. Nf4 Ke5 58. Bg2 Bxg2 59.
Kxg2 Nxc3 60. Kf3 Ne4 61. b4 Nc3 62. Ke3 Kf5 63. Kd4 Ne4 64. Ne2 Ng5 65. g4+
Ke6 66. Nf4+ Kd6 67. Ke3 Ke5 68. Nd3+ Kd5 69. h4 Nf7 70. g5 Ke6 71. Kf4 Nd6 72.
Nc5+ Kf7 73. Ne4 Nc4 74. Nc3 Nb2 75. Ke4 1-0

[Event "III Miedzynarodowy Memorial Ireny Warakomskiej - Open B"]
[Site "Suwalki"]
[Date "2019.08.05"]
[Round "9.8"]
[White "Szydlo, Michal"]
[Black "Litner, Igor"]
[Result "1-0"]
[WhiteElo "1865"]
[BlackElo "1974"]
[PlyCount "119"]
[EventDate "2019.??.??"]

1. e4 d6 2. d4 Nf6 3. Nc3 e5 4. dxe5 dxe5 5. Qxd8+ Kxd8 6. Bc4 Ke8 7. f3 Bc5 8.
Na4 Bd6 9. Be3 a6 10. Bb3 Nc6 11. O-O-O Na5 12. Nb6 Nxb3+ 13. axb3 Rb8 14. Nc4
Ke7 15. Nxd6 cxd6 16. Bb6 Ne8 17. Ne2 Be6 18. Nc3 Rc8 19. Nd5+ Bxd5 20. Rxd5
Ke6 21. Rhd1 Rc6 22. Be3 g6 23. g4 h5 24. g5 f6 25. f4 fxg5 26. fxe5 dxe5 27.
Rd8 g4 28. Bg5 Rf8 29. Bh4 Rc7 30. Kb1 Rg7 31. Bg3 g5 32. R8d5 Nf6 33. Rd6+ Ke7
34. Bxe5 Rgf7 35. Rb6 Nxe4 36. Ka2 Rf5 37. Rxb7+ Ke6 38. Bc7 Rb5 39. Bb6 Nd6
40. Re1+ Re5 41. Rxe5+ Kxe5 42. Rh7 h4 43. Bc7 Kd5 44. Rh6 Ne8 45. Bd8 Rf5 46.
Rg6 Ke4 47. Bxg5 g3 48. hxg3 hxg3 49. Bh4 Nc7 50. Bxg3 Nd5 51. c3 a5 52. Re6+
Kd3 53. Re5 Rxe5 54. Bxe5 Kc2 55. Ka3 Kb1 56. c4 Nb4 57. Bc3 Nc6 58. Ka4 Kc2
59. Bxa5 Kxb2 60. b4 1-0

[Event "III Miedzynarodowy Memorial Ireny Warakomskiej - Open B"]
[Site "Suwalki"]
[Date "2019.08.05"]
[Round "9.9"]
[White "Szewczyk, Mariusz"]
[Black "Kozlowski, Michal"]
[Result "1/2-1/2"]
[WhiteElo "2050"]
[BlackElo "1926"]
[PlyCount "123"]
[EventDate "2019.??.??"]

1. e4 c5 2. Nf3 Nc6 3. Bb5 g6 4. O-O Bg7 5. c3 a6 6. Be2 e6 7. d4 cxd4 8. cxd4
d5 9. e5 Nge7 10. Na3 O-O 11. Nc2 f6 12. exf6 Bxf6 13. Re1 Nf5 14. Qd3 Bd7 15.
Bd2 Rc8 16. Bc3 Qb6 17. Rad1 Rfe8 18. Bf1 Qc7 19. Ne3 Nxe3 20. Qxe3 b5 21. a3
Rb8 22. Bd3 a5 23. b4 Qd6 24. Qd2 axb4 25. Bxb4 Nxb4 26. axb4 e5 27. dxe5 Bxe5
28. Bc2 Bc6 29. Bb3 Rbd8 30. g3 Bf6 31. Rxe8+ Bxe8 32. Qxd5+ Qxd5 33. Rxd5 Rxd5
34. Bxd5+ Kg7 35. Ne1 Bc3 36. Nc2 Bd7 37. Be4 Be6 38. Bd3 Bb3 39. Ne3 Bxb4 40.
Bxb5 Bc5 41. Kg2 Be6 42. Kf3 Kf6 43. Ke4 Bb6 44. h4 Bc5 45. Bc6 h6 46. Bd5 Bd7
47. Kf3 Bxe3 48. fxe3 g5 49. hxg5+ Kxg5 50. e4 h5 51. Bf7 Bc6 52. Bd5 Bd7 53.
Bc4 Bc6 54. Bd5 Bd7 55. Bb7 Be6 56. Ba6 Bd7 57. Bf1 Bc6 58. Bh3 h4 59. g4 Bd7
60. e5 Bc8 61. Ke3 Bd7 62. Kf3 1/2-1/2

[Event "III Miedzynarodowy Memorial Ireny Warakomskiej - Open B"]
[Site "Suwalki"]
[Date "2019.08.05"]
[Round "9.10"]
[White "Staroszczyk, Mateusz"]
[Black "Zurkowski, Andrzej"]
[Result "1-0"]
[WhiteElo "1968"]
[BlackElo "2071"]
[PlyCount "71"]
[EventDate "2019.??.??"]

1. e4 d5 2. exd5 Nf6 3. b3 Qxd5 4. Nc3 Qd6 5. Bb2 a6 6. Nf3 Nc6 7. Qe2 Bg4 8.
Ne4 Qf4 9. Nc5 Bxf3 10. Qxf3 Qxf3 11. gxf3 O-O-O 12. O-O-O Nd4 13. c3 Nc6 14.
d4 e6 15. Ne4 Be7 16. Rg1 Nh5 17. c4 f6 18. Bh3 Nf4 19. Bxe6+ Nxe6 20. d5 Nb4
21. dxe6 Nxa2+ 22. Kb1 Rxd1+ 23. Rxd1 Nb4 24. Rg1 g6 25. Nxf6 Bxf6 26. Bxf6 Re8
27. Re1 Nc6 28. Kc2 Nd8 29. Bxd8 Kxd8 30. Rd1+ Kc8 31. Re1 c5 32. Re5 b6 33.
Kd3 Kc7 34. Ke4 h6 35. f4 Rf8 36. e7 1-0

[Event "III Miedzynarodowy Memorial Ireny Warakomskiej - Open B"]
[Site "Suwalki"]
[Date "2019.08.05"]
[Round "9.11"]
[White "Gryczka, Wlodzimierz"]
[Black "Cwiek, Ryszard"]
[Result "0-1"]
[WhiteElo "2045"]
[BlackElo "1800"]
[PlyCount "96"]
[EventDate "2019.??.??"]

1. e4 d6 2. d4 Nf6 3. Nc3 g6 4. f4 Bg7 5. Nf3 O-O 6. e5 Ne8 7. Be3 b6 8. Bc4 e6
9. h4 h5 10. Qd2 Bb7 11. Kf2 Nd7 12. Ng5 dxe5 13. dxe5 Qe7 14. Rad1 Rd8 15. Nb5
a6 16. Nd4 Nc5 17. Qe2 b5 18. Nb3 Nxb3 19. Bxb3 Rxd1 20. Rxd1 Bh6 21. Qd2 Bxg5
22. hxg5 Ng7 23. Qd7 Qxd7 24. Rxd7 Rc8 25. Bc5 Bc6 26. Rd2 Nf5 27. g3 Kg7 28.
c3 Rh8 29. Bc2 h4 30. g4 Ng3 31. Be7 Re8 32. Bf6+ Kh7 33. Kg1 Bf3 34. Rh2 Bxg4
35. Rxh4+ Bh5 36. Kf2 Nf5 37. Rh1 c5 38. Be4 Rb8 39. Bf3 c4 40. Ke1 a5 41. Kd2
Ng3 42. Rh3 Nf5 43. Be2 Rb7 44. Kc2 Rc7 45. Bd8 Ra7 46. a4 Rd7 47. Bxa5 Rb7 48.
axb5 Rxb5 0-1

[Event "III Miedzynarodowy Memorial Ireny Warakomskiej - Open B"]
[Site "Suwalki"]
[Date "2019.08.05"]
[Round "9.12"]
[White "Lada, Michal"]
[Black "Grzesik, Norbert"]
[Result "1-0"]
[WhiteElo "1928"]
[BlackElo "2031"]
[PlyCount "67"]
[EventDate "2019.??.??"]

1. d4 Nf6 2. g3 g6 3. Bg2 d5 4. c4 Bg7 5. Nf3 O-O 6. O-O dxc4 7. Qc2 Nc6 8.
Qxc4 Be6 9. Qa4 Nd5 10. Nc3 Nb6 11. Qd1 Nxd4 12. Nxd4 Qxd4 13. Qxd4 Bxd4 14.
Nb5 Be5 15. f4 Bc4 16. fxe5 Bxb5 17. Bxb7 Bxe2 18. Rf2 Rab8 19. Bg2 Ba6 20. Bg5
Nc4 21. Bf1 Rb6 22. Re1 Re8 23. Re4 Rc6 24. Rc2 Nd6 25. exd6 Rxc2 26. d7 Rd8
27. Rxe7 Kf8 28. Bxa6 Rc1+ 29. Kg2 Rc2+ 30. Kh3 Rc5 31. Bf6 Rd5 32. Bc8 Rd6 33.
Rxf7+ Kxf7 34. Bxd8 1-0

[Event "III Miedzynarodowy Memorial Ireny Warakomskiej - Open B"]
[Site "Suwalki"]
[Date "2019.08.05"]
[Round "9.13"]
[White "Maciejewski, Kamil"]
[Black "Kulesza, Andrzej"]
[Result "1-0"]
[WhiteElo "2065"]
[BlackElo "1940"]
[PlyCount "67"]
[EventDate "2019.??.??"]

1. Nf3 d5 2. g3 Nf6 3. Bg2 e6 4. O-O b5 5. d3 Bb7 6. Nbd2 Be7 7. e4 c5 8. e5
Nfd7 9. Re1 Nc6 10. Nf1 O-O 11. h4 a5 12. N1h2 Qc7 13. Bf4 b4 14. h5 a4 15. h6
g6 16. a3 bxa3 17. bxa3 Ba6 18. Ng4 Rfb8 19. Qd2 c4 20. d4 Rb7 21. Bg5 Bf8 22.
Ra2 Qa5 23. Qf4 Rab8 24. Bh4 Ne7 25. Nf6+ Nxf6 26. Bxf6 Nf5 27. g4 Rb1 28. Ra1
Qxe1+ 29. Nxe1 Rxa1 30. gxf5 Rxe1+ 31. Kh2 Re8 32. fxg6 fxg6 33. Qg3 Rb1 34. f4
1-0

[Event "III Miedzynarodowy Memorial Ireny Warakomskiej - Open B"]
[Site "Suwalki"]
[Date "2019.08.05"]
[Round "9.14"]
[White "Ryszkiewicz, Adam"]
[Black "Ocytko, Andrzej"]
[Result "0-1"]
[WhiteElo "1927"]
[BlackElo "2047"]
[PlyCount "108"]
[EventDate "2019.??.??"]

1. e4 c5 2. Nf3 d6 3. d4 cxd4 4. Nxd4 Nf6 5. f3 Nc6 6. c4 Qb6 7. Nb3 g6 8. Nc3
Bg7 9. Bg5 Be6 10. Qd2 O-O 11. Be3 Qd8 12. Nd5 Nd7 13. Bh6 a5 14. Bxg7 Kxg7 15.
Nd4 Bxd5 16. exd5 Nxd4 17. Qxd4+ Kg8 18. h4 h5 19. g4 hxg4 20. h5 Qb6 21. Qxb6
Nxb6 22. fxg4 Kg7 23. Bd3 Nd7 24. Kd2 b6 25. Rae1 Ne5 26. Rxe5 dxe5 27. hxg6
Rh8 28. Re1 Rh2+ 29. Kc3 f6 30. g5 Rg2 31. gxf6+ exf6 32. Rh1 Rxg6 33. Bxg6
Kxg6 34. a3 a4 35. Kb4 e4 36. Re1 Kf5 37. Kb5 Rc8 38. Rc1 Ke5 39. Kxb6 f5 40.
Kb7 Rc5 41. Kb6 Kd6 42. Rf1 Rxc4 43. Rxf5 e3 44. Rf3 Re4 45. Rf1 e2 46. Re1
Kxd5 47. Kb5 Ke5 48. b4 axb3 49. a4 Kf4 50. a5 Kf3 51. a6 Kf2 52. a7 Re8 53.
Rb1 e1=Q 54. Rxb3 Qe5+ 0-1

[Event "III Miedzynarodowy Memorial Ireny Warakomskiej - Open B"]
[Site "Suwalki"]
[Date "2019.08.05"]
[Round "9.15"]
[White "Mirski, Michal"]
[Black "Hryharovich, Aliaksei"]
[Result "1/2-1/2"]
[WhiteElo "2038"]
[BlackElo "1659"]
[PlyCount "102"]
[EventDate "2019.??.??"]

1. e4 c6 2. c4 d5 3. cxd5 cxd5 4. exd5 Nf6 5. Nc3 Nxd5 6. Nf3 Nc6 7. Bc4 Nb6 8.
Bb3 Bf5 9. d4 e6 10. O-O Be7 11. Be3 Nb4 12. a3 N4d5 13. Nxd5 exd5 14. Qd2 O-O
15. Rfc1 f6 16. Nh4 Be6 17. Qd3 f5 18. Nf3 Nc4 19. Bf4 Bd6 20. Ne5 Qf6 21. Bxc4
dxc4 22. Qf3 Bxe5 23. dxe5 Qe7 24. Bd2 a5 25. Rd1 Rfd8 26. Bc3 Qc7 27. Rd6 Qe7
28. Rxd8+ Rxd8 29. Bxa5 Rd3 30. Qh5 f4 31. Bb4 Qf7 32. Qxf7+ Kxf7 33. f3 Kg6
34. Kf2 Kf5 35. Re1 Rd5 36. Re4 Rxe5 37. Rxe5+ Kxe5 38. Bc3+ Kf5 39. Bxg7 b5
40. Ke2 h5 41. Kd2 Bd7 42. Kc3 Be8 43. Kd4 Bf7 44. Kc5 Be8 45. Kd6 Bf7 46. Bc3
Be8 47. Ke7 Bc6 48. Kf7 Bd7 49. Kg7 Be8 50. Kh6 Bf7 51. Bd2 Be8 1/2-1/2

[Event "III Miedzynarodowy Memorial Ireny Warakomskiej - Open B"]
[Site "Suwalki"]
[Date "2019.08.05"]
[Round "9.16"]
[White "Slabek, Grzegorz"]
[Black "Kaliszuk, Kamil"]
[Result "1-0"]
[WhiteElo "1982"]
[BlackElo "1853"]
[PlyCount "87"]
[EventDate "2019.??.??"]

1. Nf3 c5 2. e3 g6 3. Be2 Bg7 4. d4 Nf6 5. O-O b6 6. b3 Bb7 7. Bb2 O-O 8. dxc5
bxc5 9. c4 d6 10. Qc1 Nc6 11. Rd1 Qc8 12. Nc3 Rd8 13. Nd5 e5 14. Nxf6+ Bxf6 15.
Nd2 Ne7 16. Bf3 Bxf3 17. Nxf3 Bg7 18. Bc3 a5 19. Qb2 Qa6 20. Nd2 Qb7 21. Rab1
h5 22. Qc2 f5 23. Nf3 Bf6 24. Rd2 Qe4 25. Rbd1 Qxc2 26. Rxc2 Kf7 27. h4 Ke6 28.
Rcd2 Nc6 29. Rb1 Rd7 30. g3 Rad8 31. Rbd1 Rb8 32. Rb2 Rg8 33. Kf1 g5 34. hxg5
Bxg5 35. Nxg5+ Rxg5 36. Ke2 Rg6 37. Rh1 Rh6 38. Rh4 Rb7 39. Kd2 Rg7 40. a4 Kf6
41. Rb1 Kg6 42. Kc2 Nd8 43. Rd1 Nb7 44. f4 1-0

[Event "III Miedzynarodowy Memorial Ireny Warakomskiej - Open B"]
[Site "Suwalki"]
[Date "2019.08.05"]
[Round "9.17"]
[White "Kacprzak, Karol"]
[Black "Koseski, Damian"]
[Result "1-0"]
[WhiteElo "1973"]
[BlackElo "1846"]
[PlyCount "93"]
[EventDate "2019.??.??"]

1. e4 c5 2. Nf3 d6 3. d4 Nf6 4. Nc3 cxd4 5. Nxd4 g6 6. Bc4 Bg7 7. f3 O-O 8. Be3
Nc6 9. Qd2 Nxd4 10. Bxd4 Be6 11. Bxe6 fxe6 12. O-O-O Qa5 13. Kb1 Nd7 14. Bxg7
Kxg7 15. f4 Rac8 16. e5 d5 17. g3 Rc6 18. h4 Rfc8 19. Ne2 Qxd2 20. Rxd2 h5 21.
Nd4 Rb6 22. Rg1 Rf8 23. Rd3 Nc5 24. Rc3 Rc8 25. Kc1 Kf7 26. a3 a5 27. g4 hxg4
28. Rxg4 a4 29. Rg1 Ra6 30. Kb1 b6 31. Rcg3 Rh8 32. Rxg6 Rxh4 33. Rg8 Rh1 34.
Rxh1 Kxg8 35. Nc6 Ra8 36. Nxe7+ Kg7 37. f5 exf5 38. Nxf5+ Kf7 39. Rh6 Rg8 40.
Rxb6 Rg1+ 41. Ka2 Rc1 42. Rf6+ Ke8 43. e6 Re1 44. e7 d4 45. Rf8+ Kd7 46. Rd8+
Kc7 47. e8=Q 1-0

[Event "III Miedzynarodowy Memorial Ireny Warakomskiej - Open B"]
[Site "Suwalki"]
[Date "2019.08.05"]
[Round "9.18"]
[White "Rosol, Alexander"]
[Black "Wilk, Igor"]
[Result "1-0"]
[WhiteElo "1968"]
[BlackElo "1600"]
[PlyCount "75"]
[EventDate "2019.??.??"]

1. e4 c6 2. d4 d5 3. e5 c5 4. dxc5 e6 5. Nf3 Bxc5 6. Bd3 Nc6 7. a3 Qc7 8. Bf4
Qb6 9. O-O Qxb2 10. Nbd2 Bd4 11. Qe2 Qb6 12. Rab1 Qc7 13. c4 Nge7 14. Rfc1 Bb6
15. Bg3 Bd7 16. cxd5 Nxd5 17. Ne4 h6 18. Nd6+ Kf8 19. Nh4 Be8 20. Qg4 h5 21.
Qe4 Kg8 22. Bc4 g5 23. Nf3 h4 24. Nxh4 gxh4 25. Bxh4 Qd7 26. Rb3 Kf8 27. Rg3
Bd8 28. Bxd8 Qxd8 29. Bxd5 exd5 30. Qg4 Ke7 31. Qg7 Rh5 32. Nxb7 Qb6 33. Qf6+
Kd7 34. Nc5+ Kc8 35. e6 Qd8 36. exf7 Bxf7 37. Qxc6+ Qc7 38. Qxa8+ 1-0

[Event "III Miedzynarodowy Memorial Ireny Warakomskiej - Open B"]
[Site "Suwalki"]
[Date "2019.08.05"]
[Round "9.19"]
[White "Jeda, Maciej"]
[Black "Bartoszewicz, Marcin"]
[Result "1/2-1/2"]
[WhiteElo "1815"]
[BlackElo "1950"]
[PlyCount "89"]
[EventDate "2019.??.??"]

1. e4 c5 2. Nf3 d6 3. d4 cxd4 4. Nxd4 Nf6 5. Nc3 a6 6. Be2 e5 7. Nb3 Be6 8. f4
Qc7 9. O-O Nbd7 10. Kh1 b5 11. a3 Nb6 12. Be3 Nc4 13. Bxc4 Bxc4 14. Rf3 Rd8 15.
Qg1 Rb8 16. Nd2 Be6 17. f5 Bd7 18. Bf2 Bc6 19. Rd3 Be7 20. Qd1 Qb7 21. Qe2 a5
22. h3 b4 23. axb4 axb4 24. Ra7 Qc8 25. Na4 Bb5 26. c4 bxc3 27. bxc3 Bxd3 28.
Qxd3 Nd7 29. f6 Nxf6 30. Nb6 Qd8 31. Qb5+ Kf8 32. Qc6 Kg8 33. Ndc4 h6 34. Bh4
g5 35. Bf2 Kg7 36. Ne3 Kg6 37. Nf5 Re8 38. h4 d5 39. h5+ Kh7 40. exd5 e4 41.
Bd4 Rxb6 42. Bxb6 Qxd5 43. Nxe7 Qd1+ 44. Bg1 Qxh5+ 45. Bh2 1/2-1/2

[Event "III Miedzynarodowy Memorial Ireny Warakomskiej - Open B"]
[Site "Suwalki"]
[Date "2019.08.05"]
[Round "9.20"]
[White "Szczygiel, Konrad"]
[Black "Flis, Pawel"]
[Result "1-0"]
[WhiteElo "1896"]
[BlackElo "1925"]
[PlyCount "107"]
[EventDate "2019.??.??"]

1. d4 Nf6 2. c4 g6 3. Nc3 Bg7 4. e4 d6 5. f4 O-O 6. Nf3 c5 7. d5 b5 8. cxb5 a6
9. a4 axb5 10. Bxb5 Ba6 11. Bd2 Bxb5 12. axb5 Rxa1 13. Qxa1 Qb6 14. O-O Ne8 15.
Qa4 Nc7 16. Ra1 Nd7 17. Qc4 Qb7 18. Ra5 Ra8 19. Qa2 Rxa5 20. Qxa5 Qb6 21. Qxb6
Nxb6 22. e5 f6 23. exd6 exd6 24. b3 c4 25. Be3 Nca8 26. Bxb6 Nxb6 27. Na4 f5
28. Nxb6 c3 29. Ne1 Bd4+ 30. Kf1 Bxb6 31. Ke2 Kf7 32. Kd3 Ke7 33. Kxc3 Ba5+ 34.
b4 Bb6 35. Kd3 Kd7 36. Nf3 Bf2 37. Nd4 Kc7 38. h3 Kb6 39. Kc4 Be3 40. Ne6 Bd2
41. g4 fxg4 42. hxg4 h5 43. f5 gxf5 44. gxh5 Bh6 45. Nd4 f4 46. Kd3 f3 47. Nxf3
Kxb5 48. Kc3 Bg7+ 49. Nd4+ Kb6 50. Kc4 Be5 51. h6 Kc7 52. Ne6+ Kd7 53. b5 Kc8
54. Ng5 1-0

[Event "III Miedzynarodowy Memorial Ireny Warakomskiej - Open B"]
[Site "Suwalki"]
[Date "2019.08.05"]
[Round "9.21"]
[White "Duda, Lukasz"]
[Black "Hrymowicz, Artur"]
[Result "0-1"]
[WhiteElo "1847"]
[BlackElo "2064"]
[PlyCount "60"]
[EventDate "2019.??.??"]

1. e4 c5 2. c3 Nf6 3. e5 Nd5 4. d4 cxd4 5. cxd4 d6 6. Nf3 Nc6 7. Bc4 Nb6 8. Bb3
dxe5 9. d5 Na5 10. Nc3 Bg4 11. Ba4+ Nxa4 12. Qxa4+ Bd7 13. Qe4 f6 14. b3 Rc8
15. Bd2 e6 16. Rd1 exd5 17. Qxd5 Nc6 18. Qe4 Bb4 19. O-O Qa5 20. Qd3 Be6 21.
Rfe1 Rd8 22. Qc2 Rxd2 23. Qxd2 Bxc3 24. Qd6 Kf7 25. Re3 Rd8 26. Ng5+ Kg6 27.
Nxe6 Rxd6 28. Rxd6 Kf7 29. Rg3 Ke7 30. Rdd3 Bd4 0-1

[Event "III Miedzynarodowy Memorial Ireny Warakomskiej - Open B"]
[Site "Suwalki"]
[Date "2019.08.05"]
[Round "9.22"]
[White "Mazalon, Mariusz"]
[Black "Weintraub, Amit"]
[Result "1/2-1/2"]
[WhiteElo "2012"]
[BlackElo "1876"]
[PlyCount "64"]
[EventDate "2019.??.??"]

1. d4 g6 2. c4 Bg7 3. e4 c5 4. d5 d6 5. Nf3 Nf6 6. Nc3 O-O 7. h3 e6 8. Bd3 exd5
9. cxd5 Re8 10. O-O c4 11. Bc2 b5 12. Re1 Qa5 13. Bf4 b4 14. Na4 Bd7 15. Bxd6
Bxa4 16. Bxa4 Rxe4 17. Rxe4 Nxe4 18. Be5 c3 19. Bxg7 Kxg7 20. Qd4+ Nf6 21. Bb3
cxb2 22. Qxb2 Nbd7 23. Re1 Qb6 24. d6 Qxd6 25. Rd1 Qc7 26. Bxf7 Kxf7 27. Ng5+
Kg8 28. Qb3+ Kh8 29. Qf7 Rf8 30. Qe7 Re8 31. Qf7 Rf8 32. Qe7 Re8 1/2-1/2

[Event "III Miedzynarodowy Memorial Ireny Warakomskiej - Open B"]
[Site "Suwalki"]
[Date "2019.08.05"]
[Round "9.23"]
[White "Koloczek, Maciej"]
[Black "Pavlytchev, Mikhail"]
[Result "1/2-1/2"]
[WhiteElo "1958"]
[BlackElo "1790"]
[PlyCount "216"]
[EventDate "2019.??.??"]

1. e4 c5 2. Nf3 e6 3. d4 cxd4 4. Nxd4 a6 5. c4 Nf6 6. Nc3 Bb4 7. Qd3 d5 8. exd5
exd5 9. Be2 O-O 10. O-O Re8 11. Bf3 Bxc3 12. Qxc3 dxc4 13. Qxc4 Nbd7 14. Bf4
Ne5 15. Bxe5 Rxe5 16. Rfd1 Qe7 17. Rac1 g5 18. g3 Bh3 19. Qc7 Re8 20. Qxe7
R8xe7 21. Nc2 Bg4 22. Bxg4 Nxg4 23. h3 Nf6 24. Ne3 h5 25. Rd8+ Kg7 26. g4 hxg4
27. hxg4 Rxe3 28. fxe3 Nxg4 29. Rd3 f5 30. Rcd1 Nxe3 31. Rd7 Kf7 32. R1d6 Nc4
33. Rxe7+ Kxe7 34. Rg6 Nxb2 35. Rxg5 Kf6 36. Rg8 Nc4 37. Rc8 Nd6 38. Rc7 Ke5
39. Kf2 Kd5 40. Kf3 a5 41. Kf4 a4 42. Rc1 b5 43. Rd1+ Kc5 44. a3 Nc4 45. Rd3
Nxa3 46. Rxa3 Kb4 47. Rh3 a3 48. Kxf5 a2 49. Rh1 Ka4 50. Ke4 b4 51. Kd3 Kb3 52.
Rg1 Kb2 53. Rg2+ Ka3 54. Rg1 b3 55. Kc3 b2 56. Rg8 b1=N+ 57. Kc2 Kb4 58. Kb2
Na3 59. Kxa2 Nb5 60. Kb2 Nd6 61. Rg4+ Kc5 62. Kc3 Kd5 63. Kd3 Ke5 64. Rg5+ Nf5
65. Kc4 Ke4 66. Rg8 Nd6+ 67. Kc5 Ke5 68. Rg5+ Nf5 69. Rh5 Ke4 70. Rh8 Ke5 71.
Re8+ Kf6 72. Kd5 Ne7+ 73. Ke4 Ke6 74. Ra8 Kd6 75. Rh8 Nc6 76. Rh6+ Kc5 77. Rh5+
Kd6 78. Rg5 Ne7 79. Re5 Nc6 80. Rd5+ Kc7 81. Rd1 Ne7 82. Ke5 Nc6+ 83. Kd5 Ne7+
84. Kc5 Nc6 85. Rb1 Nd8 86. Kd5 Kd7 87. Ra1 Kc7 88. Ra6 Nb7 89. Rc6+ Kd7 90.
Rh6 Kc7 91. Rg6 Nd8 92. Rg1 Nb7 93. Rg7+ Kb6 94. Rh7 Na5 95. Rh6+ Kb5 96. Rh1
Kb4 97. Rh3 Kb5 98. Ra3 Kb4 99. Ra1 Nb3 100. Rh1 Kc3 101. Rh4 Nd2 102. Rh3+ Kc2
103. Kd4 Nb3+ 104. Kc4 Nd2+ 105. Kb4 Ne4 106. Re3 Nd2 107. Re2 Kd3 108. Rxd2+
Kxd2 1/2-1/2

[Event "III Miedzynarodowy Memorial Ireny Warakomskiej - Open B"]
[Site "Suwalki"]
[Date "2019.08.05"]
[Round "9.24"]
[White "Hasinski, Krystian"]
[Black "Zalega, Maciej"]
[Result "1/2-1/2"]
[WhiteElo "1902"]
[BlackElo "1429"]
[PlyCount "38"]
[EventDate "2019.??.??"]

1. c4 e5 2. Nc3 Nc6 3. g3 g6 4. Bg2 Bg7 5. d3 d6 6. Rb1 f5 7. Nd5 Nge7 8. b4
Nxd5 9. Bxd5 Ne7 10. Bg2 O-O 11. e3 Rb8 12. Ne2 Be6 13. O-O d5 14. Qc2 dxc4 15.
dxc4 Qe8 16. Bb2 Qf7 17. Rbc1 Rfd8 18. f4 e4 19. Bxg7 Qxg7 1/2-1/2

[Event "III Miedzynarodowy Memorial Ireny Warakomskiej - Open B"]
[Site "Suwalki"]
[Date "2019.08.05"]
[Round "9.25"]
[White "Sapeta, Robert"]
[Black "Bebnik, Malgorzata"]
[Result "1/2-1/2"]
[WhiteElo "1896"]
[BlackElo "1737"]
[PlyCount "34"]
[EventDate "2019.??.??"]

1. e4 c6 2. d3 d5 3. Nd2 e5 4. Ngf3 Bd6 5. g3 Nf6 6. Bg2 O-O 7. h3 h6 8. O-O
Be6 9. Re1 Qc7 10. Qe2 Nbd7 11. Nh4 Bc5 12. Nb3 Bb6 13. Kh2 dxe4 14. dxe4 Nc5
15. Qf3 Qe7 16. Nf5 Bxf5 17. Qxf5 Qe6 1/2-1/2

[Event "III Miedzynarodowy Memorial Ireny Warakomskiej - Open B"]
[Site "Suwalki"]
[Date "2019.08.05"]
[Round "9.26"]
[White "Tarkowski, Michal"]
[Black "Bojczewski, Mateusz"]
[Result "1/2-1/2"]
[WhiteElo "1934"]
[BlackElo "1836"]
[PlyCount "62"]
[EventDate "2019.??.??"]

1. d4 Nf6 2. Nf3 e6 3. Bg5 h6 4. Bh4 d6 5. e3 g5 6. Bg3 Nh5 7. Be2 Nxg3 8. hxg3
Bg7 9. c3 d5 10. Nbd2 Nd7 11. Qc2 b6 12. e4 Bb7 13. e5 c5 14. g4 Qc7 15. Qb3
cxd4 16. cxd4 Rc8 17. O-O O-O 18. Rfe1 Qc2 19. Bd3 Qxb3 20. Nxb3 a6 21. Rac1
Rxc1 22. Rxc1 Rc8 23. Rxc8+ Bxc8 24. Nbd2 f6 25. exf6 Bxf6 26. b3 Nb8 27. Ne5
Bxe5 28. dxe5 Nc6 29. Nf3 Kf7 30. Kf1 Nb4 31. Bb1 a5 1/2-1/2

[Event "III Miedzynarodowy Memorial Ireny Warakomskiej - Open B"]
[Site "Suwalki"]
[Date "2019.08.05"]
[Round "9.27"]
[White "Jagura Norbert"]
[Black "Furtak, Joanna"]
[Result "1/2-1/2"]
[WhiteElo "1786"]
[BlackElo "1893"]
[PlyCount "136"]
[EventDate "2019.??.??"]

1. c4 e6 2. g3 d5 3. cxd5 exd5 4. Bg2 Nf6 5. Nf3 Bd6 6. O-O O-O 7. Nc3 c6 8. d3
Re8 9. Re1 Bg4 10. Qc2 Nbd7 11. h3 Bh5 12. e4 Bxf3 13. Bxf3 Qb6 14. Be3 Qc7 15.
Bg2 dxe4 16. dxe4 Bb4 17. f4 Nb6 18. e5 Bxc3 19. bxc3 Nfd7 20. Be4 h6 21. c4
Nf8 22. Bc5 Nc8 23. Rad1 Ne6 24. Bd6 Nxd6 25. Rxd6 c5 26. Qg2 Rab8 27. Rb1 b6
28. Bd5 Nd4 29. g4 Ne2+ 30. Qxe2 Qxd6 31. Qe4 Qe7 32. Re1 Rbd8 33. Kh2 a6 34.
Rg1 Qh4 35. Rg2 b5 36. g5 hxg5 37. Rxg5 Rd6 38. Rg4 Qh6 39. Qf5 Rde6 40. cxb5
axb5 41. Bxe6 Qxe6 42. Qg5 g6 43. h4 Kg7 44. Rg2 b4 45. Kg1 Rh8 46. Rd2 Rh5 47.
Qg3 Qe7 48. Rh2 c4 49. Qf2 c3 50. Kg2 Rh8 51. Kg3 Rd8 52. Qc2 Qd7 53. Kf3 Qd3+
54. Qxd3 Rxd3+ 55. Ke4 Rd2 56. Rh1 Rxa2 57. h5 gxh5 58. f5 b3 59. f6+ Kh6 60.
Rg1 Ra8 61. Kd3 Rc8 62. e6 fxe6 63. f7 Kh7 64. f8=N+ Rxf8 65. Kxc3 Rb8 66. Kd4
b2 67. Rb1 h4 68. Ke4 Rb3 1/2-1/2

[Event "III Miedzynarodowy Memorial Ireny Warakomskiej - Open B"]
[Site "Suwalki"]
[Date "2019.08.05"]
[Round "9.28"]
[White "Milanowski, Jan"]
[Black "Szczotka, Klara"]
[Result "0-1"]
[WhiteElo "1857"]
[BlackElo "1732"]
[PlyCount "126"]
[EventDate "2019.??.??"]

1. d4 Nf6 2. Nf3 e6 3. Bf4 b6 4. e3 Bb7 5. Be2 Be7 6. h3 O-O 7. O-O d5 8. Nbd2
Ne4 9. Nxe4 dxe4 10. Nd2 Bg5 11. Bh2 Nd7 12. c3 Rc8 13. a4 c5 14. Bc4 cxd4 15.
cxd4 Qe7 16. Qb3 Ra8 17. a5 Rfc8 18. Rfd1 Qe8 19. Rac1 Bd8 20. a6 Bc6 21. d5
Nc5 22. Qa2 exd5 23. Bxd5 Bxd5 24. Qxd5 Bf6 25. b4 Rd8 26. Qc4 Nd3 27. Nxe4
Nxc1 28. Nxf6+ gxf6 29. Qg4+ Kh8 30. Rxc1 Rac8 31. Rxc8 Rxc8 32. Bf4 Qc6 33.
Qh5 Rg8 34. g3 Rd8 35. Kh2 Qc2 36. Qf3 Qc3 37. Bh6 Qe5 38. Qb7 Qf5 39. Bf4 Rd7
40. Qf3 Rd3 41. Qb7 Rd7 42. Qf3 Qd5 43. e4 Qd1 44. Qg2 Qe2 45. Bh6 Rd8 46. Bf4
Re8 47. Be3 Qxa6 48. Qf3 Qa1 49. Qh5 Qa2 50. Bd4 Kg8 51. Qf3 Qe6 52. Bxf6 Qxe4
53. Qh5 Qg6 54. Qf3 h6 55. h4 Kh7 56. h5 Qe4 57. Qb3 Re6 58. Qc3 Qf5 59. Bd4
Qxh5+ 60. Kg1 Qd1+ 61. Kg2 Qe1 62. Qb2 Qe4+ 63. Kg1 Rd6 0-1

[Event "III Miedzynarodowy Memorial Ireny Warakomskiej - Open B"]
[Site "Suwalki"]
[Date "2019.08.05"]
[Round "9.29"]
[White "Bancarewicz, Aleks"]
[Black "Kacprzak, Kacper"]
[Result "1/2-1/2"]
[WhiteElo "1773"]
[BlackElo "1856"]
[PlyCount "24"]
[EventDate "2019.??.??"]

1. e4 e6 2. d4 d5 3. Nc3 Bb4 4. e5 c5 5. a3 Bxc3+ 6. bxc3 Ne7 7. Qg4 Kf8 8. Qd1
Qa5 9. Bd2 Nbc6 10. Nf3 Qa4 11. Qb1 c4 12. h4 h5 1/2-1/2

[Event "III Miedzynarodowy Memorial Ireny Warakomskiej - Open B"]
[Site "Suwalki"]
[Date "2019.08.05"]
[Round "9.30"]
[White "Wloch, Mikolaj"]
[Black "Koziol, Pawel"]
[Result "1/2-1/2"]
[WhiteElo "1771"]
[BlackElo "1852"]
[PlyCount "73"]
[EventDate "2019.??.??"]

1. e4 c5 2. Nf3 e6 3. d4 cxd4 4. Nxd4 Nc6 5. Nc3 Qc7 6. Be3 a6 7. Be2 Nf6 8.
O-O b5 9. a3 Bb7 10. Nb3 Rc8 11. f4 d6 12. Bf3 Be7 13. Qe1 O-O 14. g4 Nd7 15.
Qf2 Na5 16. Nxa5 Qxa5 17. f5 Rxc3 18. bxc3 Qxc3 19. Bg2 Nf6 20. Bd4 Qc4 21. h3
e5 22. Be3 Nxe4 23. Bxe4 Qxe4 24. Kh2 Bh4 25. Qd2 Rc8 26. c4 Rxc4 27. Rac1 h6
28. Rg1 d5 29. g5 Rxc1 30. Rxc1 hxg5 31. Bxg5 d4 32. Bxh4 Qxh4 33. Rg1 Qe4 34.
Rxg7+ Kxg7 35. Qg5+ Kh8 36. Qh6+ Kg8 37. Qg5+ 1/2-1/2